Calirhoe / (Record no. 53130)

MARC details
000 -LEADER
campo de control de longitud fija 00761nam a22002295i 4500
001 - NÚMERO DE CONTROL
campo de control 53130
003 - IDENTIFICADOR DE NÚMERO DE CONTROL
campo de control ES-MaACL
005 - FECHA Y HORA DE LA ÚLTIMA TRANSACCIÓN
campo de control 20230906162719.0
007 - CAMPO FIJO DE DESCRIPCIÓN FÍSICA--INFORMACIÓN GENERAL
campo de control de longitud fija t|
008 - DATOS DE LONGITUD FIJA--INFORMACIÓN GENERAL
campo de control de longitud fija 950908s1878 sp ||||1| spa d
040 ## - FUENTE DE CATALOGACIÓN
Centro catalogador/agencia de origen CAM
Lengua de catalogación spa
Centro/agencia transcriptor CAM
100 1# - ENTRADA PRINCIPAL--NOMBRE DE PERSONA
Nombre de persona Sand, Maurice.
9 (RLIN) 103063
245 10 - MENCIÓN DEL TÍTULO
Título Calirhoe /
Mención de responsabilidad, etc. novela original de Mauricio Sand; versión castellana de Miguel de Toro y Gómez.
260 ## - PUBLICACIÓN, DISTRIBUCIÓN, ETC.
Lugar de publicación, distribución, etc. Madrid :
Nombre del editor, distribuidor, etc. [s.n.],
Fecha de publicación, distribución, etc. 1878 (
Fabricante imprenta de A. Florez y Compañía)
300 ## - DESCRIPCIÓN FÍSICA
Extensión 482 p. ;
Dimensiones 14 cm.
490 1# - MENCIÓN DE SERIE
Mención de serie Biblioteca de "Los Debates"
500 ## - NOTA GENERAL
Nota general Maurice Sand es seudónimo de Maurice Duderant.
700 1# - ENTRADA AGREGADA--NOMBRE PERSONAL
Nombre de persona Toro y Gómez, Miguel de.
9 (RLIN) 110692
830 0# - PUNTO DE ACCESO ADICIONAL DE SERIE-TÍTULO UNIFORME
Título uniforme Biblioteca de "Los Debates"
9 (RLIN) 230235
852 ## - LOCALIZACIÓN
Ubicación ES-MaACL
Número de control de estantería D-373
Holdings
Estatus retirado Estado de pérdida Estado de daño No para préstamo Colección Biblioteca de origen Biblioteca actual Ubicación en estantería Fecha de adquisición Fuente de adquisición Total de préstamos Signatura topográfica completa Código de barras Visto por última vez Precio de reemplazo Tipo de ítem Koha
        Libros del s. XIX Biblioteca del Ateneo de Madrid Biblioteca del Ateneo de Madrid Sala Valle Inclán 17/01/2008     D-373 901055827 23/02/2023 23/02/2023 Libro impreso antiguo